| 000 | 00635nam a22001817a 4500 | ||
|---|---|---|---|
| 003 | NUST | ||
| 040 | _a0 | ||
| 082 | _a621.382,MUZ | ||
| 100 |
_aAgha, Syed Muzamil _9118301 |
||
| 245 |
_aChest X-Ray Image Classification / _cSyed Muzamil Agha, Hammad Nawaz, Shakir Ali, Maeen Khan. (TCC-31 / BETE-56) |
||
| 264 |
_aRawalpindi _bMCS (NUST) _c2023 |
||
| 300 | _a47 p.; | ||
| 505 | _aIntroduction (Page-1), Interfacing (Page-18), Code Evaluation (Page-27), Conclusion (Page-32). | ||
| 650 |
_aUG EE Project _9118090 |
||
| 690 |
_aTCC-31 / BETE-56 _9118237 |
||
| 700 |
_aSupervised by Dr. Shibli Nisar _9132579 |
||
| 942 |
_2ddc _cPR |
||
| 999 |
_c603275 _d603275 |
||